书目信息 |
| 题名: |
徐志摩的女性情感世界
|
|
| 作者: | 宋益乔 著 | |
| 分册: | ||
| 出版信息: | 北京 中国致公出版社 2001 |
|
| 页数: | 381页 | |
| 开本: | 21cm | |
| 丛书名: | 名人女性世界书系 | |
| 单 册: | ||
| 中图分类: | K825.6=6 , K825.6 | |
| 科图分类: | ||
| 主题词: | 人物--传记--中国 | |
| 电子资源: | ||
| ISBN: | 7-80096-798-0 | |
| 000 | 00964oam2 2200277 450 | |
| 001 | 1533578411 | |
| 005 | 20150120092039.42 | |
| 010 | @a7-80096-798-0@dCNY25.00 | |
| 100 | @a20011204d2001 em y0chiy0110 ea | |
| 101 | 0 | @achi |
| 102 | @aCN@b110000 | |
| 105 | @aa z 000yb | |
| 200 | 1 | @a徐志摩的女性情感世界@9xu zhi mo de nv xing qing gan shi jie@f宋益乔著 |
| 210 | @a北京@c中国致公出版社@d2001 | |
| 215 | @a381页@c照片@d21cm | |
| 225 | 2 | @a名人女性世界书系 |
| 330 | @a本书从不同的角度,全面、系统地揭示徐志摩的感情生活密切相关的女性世界,并在其中穿插了重大的历史事件、历史人物以及人物生活的社会背景,充分展现了徐志摩的女性世界的内容。 | |
| 461 | 0 | @12001 @a名人女性世界书系 |
| 600 | 0 | @a徐志摩@f(1896~1931)@x生平事迹 |
| 600 | 0 | @2CT@3S084301@a徐志摩@f(1896~1931) |
| 606 | 0 | @a人物@x传记@x中国 |
| 690 | @aK825.6=6@v5 | |
| 690 | @aK825.6@v4 | |
| 701 | 0 | @a宋益乔@9song yi qiao@4著 |
| 801 | 0 | @aCN@bTSSF@c20150120 |
| 905 | @aZUCC@dK825.6@eJY184 | |
| 徐志摩的女性情感世界/宋益乔著.-北京:中国致公出版社,2001 |
| 381页:照片;21cm.-(名人女性世界书系) |
| ISBN 7-80096-798-0:CNY25.00 |
| 本书从不同的角度,全面、系统地揭示徐志摩的感情生活密切相关的女性世界,并在其中穿插了重大的历史事件、历史人物以及人物生活的社会背景,充分展现了徐志摩的女性世界的内容。 |
| ● |
| 相关链接 |
|
|
|
|
正题名:徐志摩的女性情感世界
索取号:K825.6/JY184
 
预约/预借
| 序号 | 登录号 | 条形码 | 馆藏地/架位号 | 状态 | 备注 |
| 1 | 7836146 | 278361461 | 学院路分馆/ [索取号:K825.6/JY184] | 在馆 |